Sanat - "Jollei jouluna ole lunta" - Statistics

Yleistilastot
  • Tätä visaa on pelattu 42 kertaa
  • Keskiarvotulos 57 / 104
Vastaustilastot
Vastaus % Oikein
Jollei
100%
jollei
100%
jouluna
100%
Joulupukki
100%
joulupukki
100%
lunta
100%
ole
100%
tullakkaan
92%
voiko
92%
ei
79%
hän
67%
lumetonta
63%
kulkemaan
58%
pääse
58%
pintaa
58%
porot
58%
pukki
58%
helikopterin
54%
lahjat
54%
lentää
54%
maan
54%
pulkallaan
54%
saa
54%
ois
50%
pukin
50%
Ville
50%
vois
50%
aatteen
46%
joutais
46%
kaikki
46%
keksikin
46%
korvatunturille
46%
naapurin
46%
oivan
46%
ostais
46%
pieni
46%
pois
46%
eestä
42%
jospa
42%
koko
42%
kymmenkunta
42%
lahjoineen
42%
lahjoja
42%
lainaa
42%
laittaa
42%
luulet
42%
tungokseen
42%
vaiko
42%
vuoden
42%
junan
38%
kuorma-autonko
38%
Mutta
38%
mutta
38%
pajallaan
38%
pulkan
38%
pyrkivän
38%
silloin
38%
sitten
38%
vaan
38%
jouluiltana
33%
lapset
33%
heitä
29%
huolettaa
29%
kiltit
29%
seikka
29%
taittaa
29%
yksi
29%
pulkassansa
25%
taivaltaan
25%
Ehtoja vastaavia visoja ei löytynyt
Tulosjakauma
Jokaisen tuloksen saaneiden osuus
Persentiili vastausten määrän mukaan
Tuloshistoriasi
Et ole pelannut tätä visaa